| 000 | 00487nam a2200217Ia 4500 | ||
|---|---|---|---|
| 003 | 0100 | ||
| 008 | 130303s9999 xx 000 0 und d | ||
| 040 | _cARRUPELIB | ||
| 050 | _aB765.T531 1969 | ||
| 100 | _aSt. Thomas Aquinas | ||
| 245 | _aSumma theologiae | ||
| 245 | _bthe existence of God | ||
| 260 | _aNew York | ||
| 260 | _bImage Books | ||
| 260 | _C1969 | ||
| 300 | _a2v. | ||
| 300 | _b 18cm. | ||
| 650 | _aPHILOSOPHY | ||
| 700 | _aGilby, Thomas (ed) | ||
| 942 | 0 | 0 | _01 |
| 999 |
_c35150 _d35150 |
||